Экспериментальное исследование электрического пробоя кристаллов каменной соли в неоднородном поле; Физика щелочногалоидных кристаллов

Bibliografiset tiedot
Parent link:Физика щелочногалоидных кристаллов.— 1962
Päätekijä: Торбин Н. М.
Kieli:venäjä
Julkaistu: 1962
Aiheet:
Aineistotyyppi: Kirjan osa
KOHA link:https://koha.lib.tpu.ru/cgi-bin/koha/opac-detail.pl?biblionumber=178959

MARC

LEADER 00000naa2a2200000 4500
001 178959
005 20231031170159.0
035 |a (RuTPU)RU\TPU\book\193980 
035 |a RU\TPU\tpu\4430 
090 |a 178959 
100 |a 20100413d1962 k y0rusy50 ca 
101 0 |a rus 
102 |a LV 
200 1 |a Экспериментальное исследование электрического пробоя кристаллов каменной соли в неоднородном поле  |f Н. М. Торбин 
463 0 |0 (RuTPU)RU\TPU\book\96616  |t Физика щелочногалоидных кристаллов  |o труды II всесоюзного совещания, г. Рига, 19-24 июня 1961 г.  |f Латвийский государственный университет им. Петра Стучки ; под ред. К. К. Шварца  |d 1962  |p 548 с. 
610 1 |a электричество - 
610 1 |a труды учёных ТПУ 
610 1 |a диэлектрики 
610 1 |a пробой 
700 1 |a Торбин  |b Н. М. 
801 0 |a RU  |b 63413507  |c 20011210  |g PSBO 
801 2 |a RU  |b 63413507  |c 20100413  |g PSBO 
942 |c BK